00765nam a2200193Ia 4500020000900000082001200009100003000021245013500051250002500186260003500211300001800246650002400264650005700288650006500345650005800410650004000468650004100508710002200549 a8066 aTC.0037 aChatterjee, Surendra Nath 0aStudy of agricultural wage labour circulation in relation to poverty and inequality in Bolpur-Sriniketan block of Birbhum district aVisva-Bharati Univer c1986bVisva-Bharati University a260eC D - 34 aMigration, internal aMigrant laborvIndiavBirbhum district (West Bengal) aAgricultural laborersvIndiavBirbhum district (West Bengal) aLabor mobilityvIndiavBirbhum district (West Bengal) aBolpur-SriniketanvRural conditions aIndiavRural conditionszWest Bengal aMukherji, Shekhar